General Knowledge #1001 - Statistics

General Stats
  • This quiz has been taken 455 times
  • The average score is 10 of 15
Answer Stats
Hint Answer % Correct
Which is the capital of Japan? Tokyo
94%
What is the number of days in February in a leap year? 29
92%
'USA' stands for? United States of America
91%
Smallest country in the world? Vatican
83%
Diamond and Graphite are the allotropes of which element? Carbon
78%
What is the capital city of India? New Delhi
77%
What is the small country (island) present below India? Sri Lanka
77%
Which month's name means 'Noble'? August
71%
Which state in USA can be shorted as 'CT'? Connecticut
70%
Which element's atomic number is 2 in the periodic table? Helium
68%
Which city in India is called as "Commercial Capital"? Mumbai
68%
(21+1)-1*0 = _______? 22
66%
Which programming language also means an 'Aromatic Coffee'? Java
56%
What does the compound being called which has two Hydrogens and two Oxygens in it? Hydrogen Peroxide
27%
The name of the city, which is there in Pakistan and India? Hyderabad
9%
No matching quizzes found
Score Distribution
Percent of People with Each Score
Percentile by Number Answered
Your Score History
You have not taken this quiz